000 00443nam a2200193Ia 4500
003 STCL
008 221019s9999 xx 000 0 und d
020 _a553296981
040 _aSTCL
_cSTCL
_bEN
082 _222
100 _aDoubleday, B M Mooyaart
100 _aFrank, Anne
245 0 _aAnne Frank: the diary of a young girl
260 _c1993
300 _axiv, 283 p
365 _b198
546 _aEnglish
942 _cBK
_2DDC
_e22
999 _c87611
_d87611